书目信息 |
| 题名: |
我国低碳物流高质量发展与绩效评价研究
|
|
| 作者: | 尚猛 著 | |
| 分册: | ||
| 出版信息: | 北京 中国原子能出版社 2022.01 |
|
| 页数: | 237页 | |
| 开本: | 24cm | |
| 丛书名: | ||
| 单 册: | ||
| 中图分类: | F259.2 | |
| 科图分类: | ||
| 主题词: | 物流--wu liu--节能--研究--中国 | |
| 电子资源: | ||
| ISBN: | 978-7-5221-1608-2 | |
| 000 | 01427nam0 2200289 450 | |
| 001 | CAL 0120227370419 | |
| 005 | 20230217093112.0 | |
| 010 | @a978-7-5221-1608-2@dCNY79.00 | |
| 100 | @a20220406d2022 em y0chiy0120 ea | |
| 101 | 0 | @achi |
| 102 | @aCN@b110000 | |
| 105 | @aa a 000yy | |
| 106 | @ar | |
| 200 | 1 | @a我国低碳物流高质量发展与绩效评价研究@Awo guo di tan wu liu gao zhi liang fa zhan yu ji xiao ping jia yan jiu@f尚猛著 |
| 210 | @a北京@c中国原子能出版社@d2022.01 | |
| 215 | @a237页@c图@d24cm | |
| 300 | @a基金项目: 河南省软科学研究计划项目 ; 安阳市重点研发与推广专项 ; 河南省高等学校青年骨干教师培养计划 | |
| 312 | @a英文题名取自封面 | |
| 314 | @a尚猛, 男, 河南安阳人, 毕业于岭南大学运营管理专业, 博士研究生, 中共党员, 九三学社社员。 | |
| 320 | @a有书目 (第234-237页) | |
| 330 | @a本书以我国低碳物流高质量发展与绩效评价作为研究对象, 从低碳物流的基本理论入手, 分析了低碳物流体系及其发展, 阐述了低碳物流的运作管理以及案例分析, 详细分析了低碳物流的实现路径, 随后阐述了物流绩效的基本理论与方法, 之后分析了物流成本控制、物流服务、社会物流、循环物流、供应链五个方面的绩效评价, 最后提出了关于本世纪低碳物流的展望。 | |
| 510 | 1 | @aResearch on high quality development and erformance evaluation of low-carbon logistics in China@zeng |
| 606 | 0 | @a物流@Awu liu@x节能@x研究@y中国 |
| 690 | @aF259.2@v5 | |
| 701 | 0 | @a尚猛@Ashang meng@4著 |
| 801 | 0 | @aCN@bBJXHZP@c20230228 |
| 905 | @b1395700-3@dF259.2@e351@f4 | |
| 我国低碳物流高质量发展与绩效评价研究/尚猛著.-北京:中国原子能出版社,2022.01 |
| 237页:图;24cm |
| 基金项目: 河南省软科学研究计划项目 ; 安阳市重点研发与推广专项 ; 河南省高等学校青年骨干教师培养计划 |
| ISBN 978-7-5221-1608-2:CNY79.00 |
| 本书以我国低碳物流高质量发展与绩效评价作为研究对象, 从低碳物流的基本理论入手, 分析了低碳物流体系及其发展, 阐述了低碳物流的运作管理以及案例分析, 详细分析了低碳物流的实现路径, 随后阐述了物流绩效的基本理论与方法, 之后分析了物流成本控制、物流服务、社会物流、循环物流、供应链五个方面的绩效评价, 最后提出了关于本世纪低碳物流的展望。 |
| ● |
| 相关链接 |
|
|
|
|
正题名:我国低碳物流高质量发展与绩效评价研究
索取号:F259.2/351
 
预约/预借
| 序号 | 登录号 | 条形码 | 馆藏地/架位号 | 状态 | 备注 |
| 1 | 1395700 | 213957002 | 第一样本阅览室/ [索取号:F259.2/351] | 在馆 | |
| 2 | 1395701 | 213957011 | 第一借阅区/ [索取号:F259.2/351] | 在馆 | |
| 3 | 1395702 | 213957020 | 第一借阅区/ [索取号:F259.2/351] | 在馆 | |
| 4 | 1395703 | 213957039 | 第一借阅区/ [索取号:F259.2/351] | 在馆 |